Plástico: materiales para un diseño creativo

Uloženo v:
Podrobná bibliografie
Hlavní autor: Lefteri, Chris (Autor)
Médium: Kniha
Jazyk:španělština
Vydáno: Ciudad de México McGraw-Hill Interamericana 2002
Vydání:1a. ed
Témata:
Tagy: Přidat tag
Žádné tagy, Buďte první, kdo vytvoří štítek k tomuto záznamu!

MARC

LEADER 00000nam a2200000 a 4500
001 UCL6890
003 CL-VaPUC
008 040423e20020000MX |||||||||||||||||spa|d
020 |a 9701032624 
082 0 4 |a 668.4  |b LEF  |2 21 
100 |a Lefteri, Chris  |e author  |9 560746 
245 1 0 |a Plástico: materiales para un diseño creativo 
250 |a 1a. ed 
300 |a 160 p 
942 |c BK 
945 |d 20040423 00:00:00  |a cmena 
260 |a Ciudad de México  |b McGraw-Hill Interamericana  |c 2002 
650 0 |a Plásticos   |9 267415 
650 0 |a Diseño industrial  |9 262726 
583 |a last modification  |c 20040423 00:00:00  |k Rodrigo Vera 
999 |c 308774  |d 308772 
952 |0 0  |1 0  |4 0  |6 668_400000000000000_LEF_2002  |7 0  |8 A  |9 375597  |a BIBARQ  |b BIBARQ  |d 2019-11-21  |i 4009533  |l 4  |o 668.4 LEF 2002  |p 4009533  |r 2025-01-20  |s 2023-11-09  |w 2019-11-21  |y BK  |k ARQ